Manual das áreas de preservação permanente : (Record no. 698)

MARC details
000 -LÍDER
Campo Fixo de Controle 00904nam a2200253 a 4500
001 - NÚMERO DE CONTROLE
Campo de Controle 698
003 - IDENTIFICAÇÃO DO NÚMERO DE CONTROLE
Campo de Controle BR-CuiBMT
005 - DATA E HORA DA ÚLTIMA ATUALIZAÇÃO
Campo de Controle 20231127163234.0
008 - DADOS FIXOS
Dados Fixos 231113s2018 mgba 000 0 por d
020 ## - INTERNATIONAL STANDARD BOOK NUMBER
Nº do ISBN 9788545004103
040 ## - AGÊNCIA CATALOGADORA
Código da Agência Catalogadora BR-CuiBMT
Agência que transcreveu o registro BR-CuiBMT
080 ## - Nº DA CLASSIFICAÇÃO DECIMAL UNIVERSAL
Nº edição CDU 2007
Nº Class. CDU 502.14
090 ## - NÚMERO DE CHAMADA
Nº classificação 502.14
Cutter N665m
100 1# - ENTRADA PRINCIPAL -- AUTOR PESSOAL
Nome pessoal Niebuhr, Pedro de Menezes,
Datas associadas ao nome 1980-
245 10 - TÍTULO PRINCIPAL
Título principal Manual das áreas de preservação permanente :
Subtítulo regime jurídico geral, modalidades, exceções, com doutrina e jurisprudência /
Indicação de responsabilidade Pedro de Menezes Niebuhr.
260 ## - PUBLICAÇÃO, DISTRIBUIÇÃO, ETC.
Local de publicação Belo Horizonte :
Editora Fórum,
Data 2018.
300 ## - DESCRIÇÃO FÍSICA
N. páginas ou volumes 223 p. ;
Dimensões 22 cm
504 ## - NOTA DE BIBLIOGRAFIA, ETC.
Nota de bibliografia Inclui bibliografia.
650 ## - ASSUNTO TÓPICO
Cabeçalho tópico ou nome geográfico Áreas de preservação permanente (APP)
Subdivisão geral Aspectos jurídicos
Subdivisão geográfica Brasil
650 ## - ASSUNTO TÓPICO
Cabeçalho tópico ou nome geográfico Proteção ambiental
Subdivisão geográfica Brasil
650 ## - ASSUNTO TÓPICO
Cabeçalho tópico ou nome geográfico Unidade de conservação
Subdivisão geral Meio ambiente
Subdivisão geográfica Brasil
650 ## - ASSUNTO TÓPICO
Cabeçalho tópico ou nome geográfico Direito ambiental
Subdivisão geográfica Brasil
942 ## - ELEMENTOS DE ENTRADA ADICIONAIS (KOHA)
Fonte de classificação ou esquema de arquivamento Classificação Decimal Universal
Tipo de item do Koha Livros
Holdings
Estado: removido Estado: perdido Fonte de classificação ou esquema de arquivamento Estado: danificado Indisponível para empréstimo Localização permanente Localização atual Data de aquisição Total Checkouts Número de Chamada completo Código de barras Date last seen Número do exemplar Preço efetivo a partir de Tipo de item (Koha)
    Classificação Decimal Universal     Biblioteca da Escola Superior de Contas do TCE/MT Biblioteca da Escola Superior de Contas do TCE/MT 06/08/2019   502.14 N665m BIBTCEMT23110547 13/11/2023 Ex. 1 13/11/2023 Livros
    Classificação Decimal Universal     Biblioteca da Escola Superior de Contas do TCE/MT Biblioteca da Escola Superior de Contas do TCE/MT 06/08/2019   502.14 N665m BIBTCEMT23110548 13/11/2023 Ex. 2 13/11/2023 Livros

Powered by Koha